| 000 | 00673cam a2200229 4500500 | ||
|---|---|---|---|
| 005 | 20260405001709.0 | ||
| 041 | _afre | ||
| 042 | _adc | ||
| 100 | 1 | 0 |
_aEltchaninoff, Michel _eauthor |
| 245 | 0 | 0 | _aMéritocrate, cavalier seul, machiavélique ou pur? |
| 260 | _c2014. | ||
| 500 | _a19 | ||
| 690 | _aHonnêteté | ||
| 690 | _aMachiavel | ||
| 690 | _aMachiavélisme | ||
| 690 | _aMancur Olson | ||
| 690 | _aMéritocratie | ||
| 690 | _aSocrate | ||
| 690 | _atest | ||
| 786 | 0 | _nPhilosophie magazine | 76 | 2 | 2014-02-01 | p. 22-22 | 1951-1787 | |
| 856 | 4 | 1 | _uhttps://shs.cairn.info/magazine-philosophie-magazine-2014-2-page-22?lang=fr&redirect-ssocas=7080 |
| 999 |
_c2050109 _d2050109 |
||